00699 2200241 4500001002100000005001700021008004100038035002400079082001000103090001700113100003600130245010600166250001100272260003100283300001900314650002700333700002600360700002000386850001500406980001500421985000600436999001500442YOGYA-0209000003221020090227024649.0 ind  0010-020900000032210 a297.2 a297.2bHaf K aHAFIZH BIN AHMAD HAKAMY, Syaikh aKunci akidah IslamcSyaikh Hafizh bin Ahmad Hakamy ; penerjemah, Wardattul Mufattahah, Izzatul Manaya aCet. 1 aSolobPustaka Mantiqc1995 a294 hlmc18 cm aIslam - Iman dan kufur aMufattahah, Wardattul aManaya, Izzatul aYOPDYOG(B) a03-03-2007 a1 a96P0078962